Mezei pocok irtószer kijuttatási módok értékelése vadvédelmi szempontok alapján
Elmentve itt :
| Szerző: | |
|---|---|
| További közreműködők: | |
| Dokumentumtípus: | Szakdolgozat |
| Megjelent: |
1998
|
| Kulcsszavak: | Mezei pocok Vadvédelem Vadegészségügy |
| Tárgyszavak: | |
| Online Access: | http://diploma.bibl.u-szeged.hu/100369 |
| LEADER | 00797nta a2200241 i 4500 | ||
|---|---|---|---|
| 001 | dipl100369 | ||
| 005 | 20220112104429.0 | ||
| 008 | 211215s1998 hu om 0|| hun d | ||
| 040 | |a SZTE Diploma Repozitórium |b hun | ||
| 041 | |a hun | ||
| 100 | 1 | |a Gellén Csaba | |
| 245 | 1 | 0 | |a Mezei pocok irtószer kijuttatási módok értékelése vadvédelmi szempontok alapján |h [elektronikus dokumentum] / |c Csaba Gellén |
| 260 | |c 1998 | ||
| 300 | |a 28 | ||
| 650 | 4 | |a Agrár | |
| 650 | 4 | |a Agricultural sciences | |
| 650 | 4 | |a Agriculture, forestry and fisheries | |
| 650 | 4 | |a Forestry | |
| 695 | |a Mezei pocok | ||
| 695 | |a Vadvédelem | ||
| 695 | |a Vadegészségügy | ||
| 700 | 1 | |a Hagymási László |e ths | |
| 856 | 4 | 0 | |u http://diploma.bibl.u-szeged.hu/id/eprint/100369/1/1998_gellen_csaba.pdf |z Dokumentum-elérés |